Живописное обозрение. Г.55 1890, Т.2, №33 (Запись № 2144405)

Подробности
000 -МАРКЕР
контрольное поле 01167nam2a22002531 4500
001 - ИДЕНТИФИКАТОР ЗАПИСИ
контрольное поле RU\NLR\INFOCOMM31\5000109984
005 - ИДЕНТИФИКАТОР ВЕРСИИ
контрольное поле 20250617043029.0
035 ## - ДРУГИЕ СИСТЕМНЫЕ НОМЕРА
Идентификатор записи (NLR Aleph) 002448846
100 ## - ДАННЫЕ ОБЩЕЙ ОБРАБОТКИ
Данные общей обработки 20050211d1890 |||y0rusy50 ca
101 0# - ЯЗЫК РЕСУРСА
Язык текста, звукозаписи и т.д. русский
102 ## - СТРАНА ПУБЛИКАЦИИ ИЛИ ПРОИЗВОДСТВА
Страна публикации Российская Федерация
105 ## - ПОЛЕ КОДИРОВАННЫХ ДАННЫХ: ТЕКСТОВЫЕ МАТЕРИАЛЫ, МОНОГРАФИЧЕСКИЕ
Кодированные данные о монографическом текстовом документе y ||||000|y
200 0# - ЗАГЛАВИЕ И СВЕДЕНИЯ ОБ ОТВЕТСТВЕННОСТИ
Основное заглавие Г.55 1890, Т.2, №33
210 ## - ПУБЛИКАЦИЯ, РАСПРОСТРАНЕНИЕ И ДР.
Дата издания, распространения и т.д. 1890
Место издания, распространения и т.д. Б. м.
421 #0 - ПРИЛОЖЕНИЕ
Встроенное поле 2001#$aЖанр и пейзаж$eАльбом
-- 210##$aСпб.$d1890[Ценз.]
-- 309##$a(Припл.)
Заглавие Жанр и пейзаж
461 #0 - УРОВЕНЬ НАБОРА
Встроенное поле 001RU\NLR\INFOCOMM31\5000109091
-- 2001#$aЖивописное обозрение$eИлл. журн. путешествий, открытий, исследований, изобретений и проч.$vГ.55 1890, Т.2, №33
Системный номер (АБИС) связанной записи 2144351
Место публикации СПб.
Дата публикации 1872-1902, 1904-1905
Сведения, относящиеся к заглавию Илл. журн. путешествий, открытий, исследований, изобретений и проч.
Заглавие Живописное обозрение
Номер тома Г.55 1890, Т.2, №33
801 #1 - ИСТОЧНИК ЗАПИСИ
Страна Российская Федерация
Организация InfoComm
Дата составления 20050211
801 #0 - ИСТОЧНИК ЗАПИСИ
Страна Российская Федерация
Организация NLR
Правила каталогизации PSBO
852 ## - МЕСТОНАХОЖДЕНИЕ И ШИФР ХРАНЕНИЯ
Идентификатор организации NLR
Шифр хранения (Call Number) 1/124низ
942 ## - ДОПОЛНИТЕЛЬНЫЕ ЭЛЕМЕНТЫ ЗАПИСИ (АБИС)
Тип экземпляра АБИС Выпуск
980 ## - КОЛЛЕКЦИЯ
Название коллекции Национальная библиография
980 ## - КОЛЛЕКЦИЯ
Название коллекции Русская периодика

Нет доступных экземпляров.